Escritores hispanoamericanos, desde otros ángulos de simpatía

محفوظ في:
التفاصيل البيبلوغرافية
المؤلف الرئيسي: Castagnino, Raúl H.
التنسيق: غير معروف
منشور في: Buenos Aires, Argentina: Nova, [1971]
الموضوعات:
الوسوم: إضافة وسم
لا توجد وسوم, كن أول من يضع وسما على هذه التسجيلة!

MARC

LEADER 000000000a22000000004500
001 000894
041 0 |a español 
092 0 |a A860.9 C346e 
100 1 |a Castagnino, Raúl H. 
245 1 0 |a Escritores hispanoamericanos, desde otros ángulos de simpatía 
260 |a Buenos Aires, Argentina:   |b Nova,   |c [1971] 
300 |a 365 páginas 
650 4 |a LITERATURA HISPANOAMERICANA 
650 4 |a ESCRITORES IBEROAMERICANOS 
999 |c 1667  |d 1667